000 00428nam a22001577a 4500
005 20180201123408.0
008 160426b xxu||||| |||| 00| 0 eng d
020 _aN/A
041 _aeng
082 _b00172
_a004.16
100 _aCady. Fredrick M.
_977
245 _aMicrocontrollers and microcomputers: Principle of software & Hardware Engg.
260 _aNew Delhi
_bOxford University Press,
_c2004
300 _a252
942 _cBK
999 _c51
_d51